00585nam a2200169Ia 450000500170000001000170001702000260003403500170006003700290007708200170010624500930012326000290021627000550024530000720030070000220037270000210039420140513103520.0 aB-521094-105 a9788131912430c125.00 aB-521094-105 adplbBlueberry Books/Ven a530.124bPHY aPhysics: waves and soundcEdited by Anil Kumar Tomar and Pallabi,  aNew DelhibPegasusc2012 a1921/10, Chuna Mandi, PaharganjbNew Delhie110055 a30p.bcol.illc27cm(Hb)apegasus is an imprint of B.Jain Publishers aTomar, Anil Kumar aTomar, Pallabi.B